000 00390nam a2200145Ia 4500
008 230917s9999||||xx |||||||||||||| ||und||
040 _e196057
_aMAIN
041 _aEnglish
082 _a363.325 O7C
100 _aObserver Research Foundation
245 0 _aCounter-terrorism in South Asia
260 _aNew Delhi
_bKnowledge World Publishers
_c2010
300 _axx, 207 p.
942 _cBK
999 _c159465
_d159465